000 00578nam a2200181 i 4500
001 102383
003 ES-MaACL
007 t|
008 051110s1980 sp ||||1| spa d
100 1 _aMerelo-Barbera, Juan.
_980483
245 1 0 _aParirás con placer
_b: la sexología y el orgasmo en el parto /
_cJuan Merelo-Barbera; prólogo de Amando de Miguel.
250 _a1ª ed.
260 _aBarcelona :
_bKairós,
_c1980.
300 _a245 p. ;
_c20 cm.
700 1 _aMiguel, Amando de.
_981000
852 _aES-MaACL
_jL-696
_bR.101645
852 _aES-MaACL
_jL-4348
_bR.105009
999 _c102383
_d102383